| 000 | 01117nam0a22003011 4500 | ||
|---|---|---|---|
| 001 | rc\136781 | ||
| 005 | 20221118132006.0 | ||
| 010 |
_a5-02-005450-X _9350 |
||
| 035 | _a(NLR Aleph) 005409473 | ||
| 090 |
_a7358354 _c7358354 |
||
| 100 | _a20030307d1993 u |0rusy50 ca | ||
| 101 | 0 | _arus | |
| 102 | _aRU | ||
| 105 | _aa ||||||||| | ||
| 200 | 1 |
_aМлекопитающие. Копытные _fРос. АН. Ин-т эволюц. морфологии и экологии животных им. А.Н. Северцова |
|
| 210 |
_aМ. _cНаука _d1993 |
||
| 215 |
_a524, [3] с. _cил. _d25 |
||
| 225 | 1 | _aПозвоночные Кавказа | |
| 300 | _aРез.: англ. | ||
| 320 | _aБиблиогр.: с. 502-525 | ||
| 700 | 1 |
_aСоколов _bВ. Е. _cд-р биол. наук _f1928-1998 _gВладимир Евгеньевич _3RU\NLR\auth\77146 |
|
| 701 | 1 |
_aТемботов _bА. К. _f1932-2006 _gАсланби Казиевич _3RU\NLR\AUTH\770249127 _4070 |
|
| 801 | 0 |
_aRU _bNLR _gpsbo |
|
| 801 | 1 |
_aRU _bELAR _2rusmarc |
|
| 852 |
_aNLR _j92-7/1010 |
||
| 942 | _cBOOK | ||
| 980 | _aNB | ||